Geography Questions #13: Countries That Separated From Other Countries Part 2 USSR - Statistics

General Stats
  • This quiz has been taken 513 times
  • The average score is 14 of 15
Answer Stats
Hint Answer % Correct
USSR Ukraine
97%
USSR Estonia
95%
USSR Latvia
95%
USSR Belarus
94%
USSR Lithuania
94%
USSR Armenia
93%
USSR Georgia
92%
USSR Azerbaijan
91%
USSR Turkmenistan
91%
USSR Tajikistan
90%
USSR Uzbekistan
90%
USSR Kazakhstan
89%
USSR Moldova
88%
USSR Kyrgyzstan
80%
USSR Russia
76%
No matching quizzes found
Score Distribution
Percent of People with Each Score
Percentile by Number Answered
Your Score History
You have not taken this quiz